| 000 | 00767cab a22002055a 4500 | ||
|---|---|---|---|
| 001 | L147180 | ||
| 008 | 090408e20090404xxkad f v 000 0 eng d | ||
| 035 | _a(Sirsi) u147180 | ||
| 041 | 0 | _aeng | |
| 100 | 1 | _aCook, Lucian | |
| 245 | 0 | 4 | _aThe timing is all when the market is down |
| 260 | _c2009 | ||
| 490 | 0 |
_aEstates Gazette _v(0913) 4 April 2009, 136-137(2) |
|
| 520 | _aArgues that leaseholders might be missing an opportunity to enfranchise residential leases at least cost. Illustrates the argument with a hypothetical case study modelled on a flat in central London. Tables. | ||
| 590 | _aKA | ||
| 651 | 4 |
_aEngland and Wales _y1543- |
|
| 690 | _aPROPERTY-LANDLORD AND TENANT-LEASES-LEASEHOLD ENFRANCHISEMENT | ||
| 700 | 1 | _aStimson, Alastair | |
| 942 | _n0 | ||
| 999 |
_c81417 _d81417 |
||